000 00439nam a2200181Ia 4500
003 0100
008 130303s9999 xx 000 0 und d
040 _cARRUPELIB
050 _aJC153.L83J65 1988
245 _aJohn Locke's Two treatises of government
245 _bnew interpretations
260 _aLawrence KA
260 _bUniv. Pr. of KA
260 _C1992
300 _a239p
700 _aHarpham, Edward J. (ed.)
942 0 0 _01
999 _c19614
_d19614